[Event "FRA-chT Top 12 (Women)"]
[Site "France"]
[Date "2009.??.??"]
[Round "3.2"]
[White "Desanlis, Anne Sophie"]
[Black "Iasman, Inna"]
[Result "1-0"]
[WhiteElo "1924"]
[BlackElo "1900"]
[PlyCount "92"]
[EventDate "2009.01.22"]
[EventType "team-tourn"]
[EventRounds "4"]
[EventCountry "FRA"]
[SourceTitle "CBM 128 Extra"]
[Source "ChessBase"]
[SourceDate "2009.03.05"]
[SourceVersion "2"]
[SourceVersionDate "2009.03.25"]
[SourceQuality "1"]

1. c4 c6 2. Nf3 d5 3. cxd5 cxd5 4. d4 Nf6 5. Nc3 Nc6 6. Bf4 e6 7. a3 a6 8. e3 Bd6 9. Bxd6 Qxd6 10. Bd3 0-0 11. 0-0 h6 12. h3 b5 13. b4 Bb7 14. Nd2 e5 15. Nb3 e4 16. Be2 Ne7 17. Nc5 Bc8 18. a4 bxa4 19. Rxa4 Bd7 20. Rxa6 Rxa6 21. Bxa6 Qb6 22. Qb3 Rb8 23. b5 Be8 24. N3a4 Qa5 25. Qc3 Qxc3 26. Nxc3 Nd7 27. Nxd7 Bxd7 28. Rb1 Kf8 29. b6 Ke8 30. Nb5 Bxb5 31. Bxb5+ Kd8 32. Ba4 Rb7 33. Rb5 Kc8 34. Bb3 Rd7 35. Rc5+ Kb8 36. Ba4 Rb7 37. Bc6 Nxc6 38. Rxc6 Rd7 39. Rc5 Kb7 40. Rb5 Kc6 41. Rc5+ Kxb6 42. f3 Rd6 43. Kf2 f5 44. f4 g6 45. g4 fxg4 46. hxg4 Re6 1-0

[Event "FRA-chT2 East 0708"]
[Site "France"]
[Date "2007.10.21"]
[Round "1.8"]
[White "Desanlis, Anne Sophie"]
[Black "Saatdjian, Stephane"]
[Result "1/2-1/2"]
[WhiteElo "1910"]
[BlackElo "1875"]
[PlyCount "76"]
[EventDate "2007.10.21"]
[EventType "team"]
[EventRounds "11"]
[EventCountry "FRA"]
[SourceTitle "EXT 2009"]
[Source "ChessBase"]
[SourceDate "2008.11.26"]
[SourceVersion "1"]
[SourceVersionDate "2008.11.26"]
[SourceQuality "1"]
[WhiteTeam "Reims"]
[BlackTeam "Bischwiller II"]
[WhiteTeamCountry "FRA"]
[BlackTeamCountry "FRA"]

1. c4 b6 2. Nc3 Bb7 3. e4 e6 4. Nf3 Bb4 5. Qc2 Ne7 6. a3 Bxc3 7. dxc3 0-0 8. Bd3 h6 9. 0-0 d6 10. Be3 Nd7 11. Nd2 d5 12. exd5 exd5 13. Rad1 Qc8 14. Rfe1 Re8 15. Bf4 Nc5 16. cxd5 Nxd3 17. Qxd3 Nxd5 18. Be5 Qg4 19. Qg3 Qxg3 20. Bxg3 c5 21. Nc4 Bc6 22. Ne5 Bb7 23. Nc4 Bc6 24. Nd6 Rxe1+ 25. Rxe1 Kf8 26. Nf5 Re8 27. Bd6+ Kg8 28. Rxe8+ Bxe8 29. c4 Nf6 30. Ne7+ Kh7 31. Nc8 Ne4 32. Bf4 g5 33. Bb8 Bd7 34. Nd6 Nxd6 35. Bxd6 a6 36. b4 cxb4 37. axb4 Bc6 38. c5 bxc5 1/2-1/2

[Event "FRA-chT1B 0607"]
[Site "France"]
[Date "2007.03.11"]
[Round "11.3"]
[White "Desanlis, Anne Sophie"]
[Black "Peric, Slavisa"]
[Result "0-1"]
[WhiteElo "1912"]
[BlackElo "2289"]
[PlyCount "68"]
[EventDate "2006.10.15"]
[EventType "team"]
[EventRounds "11"]
[EventCountry "FRA"]
[SourceTitle "EXT 2008"]
[Source "ChessBase"]
[SourceDate "2007.11.25"]
[SourceVersion "1"]
[SourceVersionDate "2007.11.25"]
[SourceQuality "1"]
[WhiteTeam "Reims"]
[BlackTeam "Cannes II"]
[WhiteTeamCountry "FRA"]
[BlackTeamCountry "FRA"]

1. c4 e5 2. g3 Nc6 3. Bg2 Nf6 4. Nc3 Bb4 5. Nd5 Bc5 6. a3 a6 7. e3 d6 8. Ne2 0-0 9. 0-0 Re8 10. b4 Ba7 11. Bb2 Nxd5 12. cxd5 Ne7 13. d4 f6 14. h3 Bf5 15. dxe5 fxe5 16. e4 Bd7 17. Kh2 Ng6 18. f4 exf4 19. Nxf4 Ne5 20. Rc1 Rc8 21. a4 Qe7 22. Qb3 Bb8 23. b5 axb5 24. axb5 Ba7 25. Nd3 Nxd3 26. Qxd3 Bc5 27. e5 dxe5 28. Be4 h6 29. Bh7+ Kh8 30. Bg6 Rf8 31. Qe2 Bd6 32. Bd3 e4 33. Qxe4 Qxe4 34. Bxe4 Bxb5 0-1

[Event "FRA-chT1B 0607"]
[Site "France"]
[Date "2007.02.25"]
[Round "9.3"]
[White "Bastian, Herbert"]
[Black "Desanlis, Anne Sophie"]
[Result "1/2-1/2"]
[WhiteElo "2411"]
[BlackElo "1912"]
[PlyCount "61"]
[EventDate "2006.10.15"]
[EventType "team"]
[EventRounds "11"]
[EventCountry "FRA"]
[SourceTitle "EXT 2008"]
[Source "ChessBase"]
[SourceDate "2007.11.25"]
[SourceVersion "1"]
[SourceVersionDate "2007.11.25"]
[SourceQuality "1"]
[WhiteTeam "Epinal"]
[BlackTeam "Reims"]
[WhiteTeamCountry "FRA"]
[BlackTeamCountry "FRA"]

1. e4 c5 2. Nc3 Nc6 3. g3 g6 4. Bg2 Bg7 5. d3 e5 6. Nh3 Nge7 7. 0-0 d6 8. f4 f5 9. exf5 Bxf5 10. fxe5 Nxe5 11. Nf4 Qd7 12. Ncd5 Nxd5 13. Bxd5 0-0-0 14. Bg2 Bg4 15. Qe1 g5 16. Nd5 Rhe8 17. Qa5 Nc6 18. Qa4 Bd4+ 19. Kh1 Bh3 20. Nc3 Bxg2+ 21. Kxg2 Bxc3 22. bxc3 Re2+ 23. Rf2 Rxf2+ 24. Kxf2 Qf5+ 25. Kg1 Re8 26. Bd2 Re2 27. Rf1 Qh3 28. Rf8+ Kc7 29. Rf7+ Kc8 30. Rf8+ Kc7 31. Rf7+ 1/2-1/2

[Event "FRA-chT1B 0607"]
[Site "France"]
[Date "2007.01.21"]
[Round "6.6"]
[White "Fischer, Marc"]
[Black "Desanlis, Anne Sophie"]
[Result "1/2-1/2"]
[WhiteElo "2180"]
[BlackElo "1912"]
[PlyCount "49"]
[EventDate "2006.10.15"]
[EventType "team"]
[EventRounds "11"]
[EventCountry "FRA"]
[SourceTitle "EXT 2008"]
[Source "ChessBase"]
[SourceDate "2007.11.25"]
[SourceVersion "1"]
[SourceVersionDate "2007.11.25"]
[SourceQuality "1"]
[WhiteTeam "Mulhouse II"]
[BlackTeam "Reims"]
[WhiteTeamCountry "FRA"]
[BlackTeamCountry "FRA"]

1. c4 e5 2. g3 g6 3. Bg2 Bg7 4. Nc3 Ne7 5. e3 0-0 6. Nge2 Nbc6 7. Nd5 Nxd5 8. cxd5 Nb4 9. 0-0 d6 10. a3 Na6 11. b4 Bd7 12. Bb2 c5 13. bxc5 Nxc5 14. Nc3 f5 15. a4 e4 16. Ra2 a6 17. Ba3 Rc8 18. Bxc5 Rxc5 19. Qb3 Bxc3 20. dxc3 Qc7 21. Ra3 Rc8 22. Rc1 Be8 23. f3 Bf7 24. fxe4 fxe4 25. Qb1 1/2-1/2

[Event "FRA-ch U20 Girls"]
[Site "Aix les Bains"]
[Date "2006.04.??"]
[Round "5"]
[White "Bolon, Karelle"]
[Black "Desanlis, Anne Sophie"]
[Result "1-0"]
[WhiteElo "2062"]
[BlackElo "1888"]
[PlyCount "55"]
[EventDate "2006.04.??"]
[EventType "tourn"]
[EventRounds "9"]
[EventCountry "FRA"]
[SourceTitle "EXT 2007"]
[Source "ChessBase"]
[SourceDate "2006.11.23"]
[SourceVersion "1"]
[SourceVersionDate "2006.11.23"]
[SourceQuality "1"]

1. e4 c5 2. Nf3 e6 3. d3 b5 4. g3 Bb7 5. Bg2 d6 6. 0-0 Be7 7. c3 Nf6 8. Nbd2 0-0 9. Qe2 Nbd7 10. Ne1 b4 11. c4 Qc7 12. f4 Nb6 13. b3 a5 14. g4 Nfd7 15. Bb2 a4 16. Rb1 Rfe8 17. g5 d5 18. e5 d4 19. Bxb7 Qxb7 20. Ne4 Nc8 21. Rf3 Bd8 22. Rh3 Nf8 23. Qh5 Ng6 24. Qxh7+ Kf8 25. Nf6 gxf6 26. gxf6 Bxf6 27. exf6 Rd8 28. Qh8+ 1-0

[Event "FRA-ch U20 Girls"]
[Site "Aix les Bains"]
[Date "2006.04.??"]
[Round "6"]
[White "Desanlis, Anne Sophie"]
[Black "Bermond, Stephanie"]
[Result "1-0"]
[WhiteElo "1888"]
[BlackElo "1939"]
[PlyCount "55"]
[EventDate "2006.04.??"]
[EventType "tourn"]
[EventRounds "9"]
[EventCountry "FRA"]
[SourceTitle "EXT 2007"]
[Source "ChessBase"]
[SourceDate "2006.11.23"]
[SourceVersion "1"]
[SourceVersionDate "2006.11.23"]
[SourceQuality "1"]

1. c4 e6 2. g3 d5 3. Nf3 Nf6 4. b3 c5 5. Bg2 Nc6 6. 0-0 Be7 7. d3 0-0 8. Bb2 Qc7 9. Nbd2 Rd8 10. cxd5 Nxd5 11. Rc1 b5 12. a3 Bb7 13. d4 Qb6 14. dxc5 Bxc5 15. Qc2 Be7 16. Ne4 Rac8 17. Neg5 g6 18. Qe4 Bf6 19. Qh4 h5 20. Bxf6 Nxf6 21. Nxe6 Re8 22. Nc5 Na5 23. b4 Bxf3 24. bxa5 Qd6 25. Bxf3 Kg7 26. Qb4 Rc7 27. Ne6+ Rxe6 28. Qxd6 1-0

[Event "FRA-ch U20 Girls"]
[Site "Aix les Bains"]
[Date "2006.04.??"]
[Round "4"]
[White "Desanlis, Anne Sophie"]
[Black "Chaumont, Adeline"]
[Result "1/2-1/2"]
[WhiteElo "1888"]
[BlackElo "1979"]
[PlyCount "94"]
[EventDate "2006.04.??"]
[EventType "tourn"]
[EventRounds "9"]
[EventCountry "FRA"]
[SourceTitle "EXT 2007"]
[Source "ChessBase"]
[SourceDate "2006.11.23"]
[SourceVersion "1"]
[SourceVersionDate "2006.11.23"]
[SourceQuality "1"]

1. c4 c6 2. g3 d5 3. Bg2 Nf6 4. Nf3 Nbd7 5. cxd5 cxd5 6. d4 e6 7. 0-0 Bd6 8. Nc3 0-0 9. e4 Nxe4 10. Nxe4 dxe4 11. Ng5 Nf6 12. Nxe4 Nxe4 13. Bxe4 f5 14. Bg2 f4 15. Be4 Qf6 16. Qd3 g6 17. b3 e5 18. Bb2 Bh3 19. dxe5 Bxf1 20. exf6 Bxd3 21. Bd5+ Rf7 22. Bxf7+ Kxf7 23. Rd1 fxg3 24. hxg3 Bf5 25. Rxd6 Re8 26. Bc3 Rc8 27. Bd2 Rc2 28. a4 Rb2 29. b4 Rb1+ 30. Kg2 h5 31. a5 a6 32. f3 Rb2 33. Kg1 Be6 34. Bc3 Re2 35. Rd3 Bf5 36. Rd5 Re3 37. Be5 Rxf3 38. Rc5 Ke6 39. Rc3 Rxc3 40. Bxc3 Be4 41. Kf2 Bd5 42. Ke3 g5 43. Kf2 Kf5 44. Bd4 Kg4 45. Be5 h4 46. gxh4 gxh4 47. Kg1 Kf5 1/2-1/2

[Event "FRA-ch U20 Girls"]
[Site "Aix les Bains"]
[Date "2006.04.??"]
[Round "2"]
[White "Lam, Sophie"]
[Black "Desanlis, Anne Sophie"]
[Result "1-0"]
[WhiteElo "2049"]
[BlackElo "1888"]
[PlyCount "51"]
[EventDate "2006.04.??"]
[EventType "tourn"]
[EventRounds "9"]
[EventCountry "FRA"]
[SourceTitle "EXT 2007"]
[Source "ChessBase"]
[SourceDate "2006.11.23"]
[SourceVersion "1"]
[SourceVersionDate "2006.11.23"]
[SourceQuality "1"]

1. e4 c5 2. Nf3 e6 3. d4 cxd4 4. Nxd4 Bc5 5. Nb3 Bb6 6. Nc3 Nc6 7. Bf4 Qf6 8. Bg3 Nge7 9. Bd3 d5 10. exd5 exd5 11. 0-0 0-0 12. Qh5 h6 13. a3 a6 14. Rad1 Be6 15. Bh4 Qf4 16. Ne2 Qc7 17. Bg3 Qc8 18. h3 Nf5 19. Bh2 Ncd4 20. Nbxd4 Nxd4 21. Nf4 Qd7 22. Nxe6 fxe6 23. Qg6 Nf5 24. Be5 Qf7 25. Bxf5 exf5 26. Qxb6 1-0

[Event "FRA-ch U18 Girls"]
[Site "Calvi"]
[Date "2005.04.20"]
[Round "5"]
[White "Desanlis, Anne Sophie"]
[Black "Bartolo, Amandine"]
[Result "1-0"]
[WhiteElo "1854"]
[BlackElo "1260"]
[PlyCount "56"]
[EventDate "2005.04.??"]
[EventType "swiss"]
[EventRounds "9"]
[EventCountry "FRA"]
[SourceTitle "EXT 2006"]
[Source "ChessBase"]
[SourceDate "2005.11.24"]
[SourceVersion "1"]
[SourceVersionDate "2005.11.24"]
[SourceQuality "1"]

1. c4 e5 2. g3 Nc6 3. Bg2 f5 4. Nc3 Bb4 5. Nd5 Nf6 6. Nxb4 Nxb4 7. Nf3 d6 8. 0-0 0-0 9. a3 Nc6 10. d4 e4 11. Ne1 Qe8 12. e3 Qg6 13. b4 Qh6 14. f3 g5 15. Qc2 Qg6 16. b5 Ne7 17. fxe4 fxe4 18. d5 Qh5 19. Bxe4 Bh3 20. Bg2 Bxg2 21. Qxg2 Ng6 22. Bb2 Ng4 23. Nc2 Rae8 24. Bd4 c5 25. bxc6 bxc6 26. dxc6 Nh8 27. h3 Qg6 28. hxg4 Qxc2 1-0

[Event "FRA-ch U18 Girls"]
[Site "Calvi"]
[Date "2005.04.19"]
[Round "4"]
[White "Desanlis, Anne Sophie"]
[Black "Lemiere, Lise"]
[Result "1-0"]
[WhiteElo "1854"]
[BlackElo "1420"]
[PlyCount "63"]
[EventDate "2005.04.??"]
[EventType "swiss"]
[EventRounds "9"]
[EventCountry "FRA"]
[SourceTitle "EXT 2006"]
[Source "ChessBase"]
[SourceDate "2005.11.24"]
[SourceVersion "1"]
[SourceVersionDate "2005.11.24"]
[SourceQuality "1"]

1. c4 e5 2. g3 Nc6 3. Bg2 Bc5 4. Nc3 Nf6 5. a3 Ng4 6. e3 0-0 7. Qxg4 d6 8. Qe2 Be6 9. b4 Bb6 10. d3 a6 11. Nf3 Qf6 12. Bb2 a5 13. b5 Ne7 14. 0-0 c6 15. Ne4 Qg6 16. Nh4 Qh6 17. Nxd6 f6 18. Nxb7 cxb5 19. cxb5 Rac8 20. Nd6 Rc7 21. Rac1 Rd7 22. Nc4 Ba7 23. Nxa5 Rfd8 24. d4 exd4 25. exd4 Bb6 26. Qxe6+ Kh8 27. Qxb6 Nd5 28. Bxd5 Rxd5 29. Rc5 R5d6 30. Nc6 R8d7 31. Qb8+ Rd8 32. Nxd8 1-0

[Event "FRA-chT Top 16 GpA"]
[Site "Noyon"]
[Date "2005.03.31"]
[Round "4.9"]
[White "Ricbour, Jeremy"]
[Black "Desanlis, Anne Sophie"]
[Result "1-0"]
[WhiteElo "2128"]
[BlackElo "1842"]
[PlyCount "47"]
[EventDate "2005.03.31"]
[EventType "team-tourn"]
[EventRounds "7"]
[EventCountry "FRA"]
[SourceTitle "CBM 105 Extra"]
[Source "ChessBase"]
[SourceDate "2005.05.01"]
[SourceVersion "1"]
[SourceVersionDate "2005.05.01"]
[SourceQuality "1"]
[WhiteTeam "Montpellier"]
[BlackTeam "Reims"]
[WhiteTeamCountry "FRA"]
[BlackTeamCountry "FRA"]

1. e4 c5 2. Nf3 d6 3. d4 cxd4 4. Nxd4 Nf6 5. Nc3 g6 6. Be3 Bg7 7. Be2 Nc6 8. Nb3 Bd7 9. f4 Qc8 10. h3 0-0 11. Bf3 Ne8 12. g4 f5 13. Qe2 fxe4 14. Bxe4 Nf6 15. Bg2 e5 16. 0-0 Be6 17. Qd2 Qd7 18. Rad1 Rad8 19. fxe5 Nxe5 20. Bg5 Nc4 21. Qc1 Rc8 22. Nd4 Na5 23. Nxe6 Qxe6 24. Bxf6 1-0

[Event "FRA-chT Top 16 GpA"]
[Site "Noyon"]
[Date "2005.02.06"]
[Round "3.9"]
[White "Rigolot, Lucie"]
[Black "Desanlis, Anne Sophie"]
[Result "0-1"]
[WhiteElo "1460"]
[BlackElo "1842"]
[PlyCount "118"]
[EventDate "2005.03.31"]
[EventType "team-tourn"]
[EventRounds "7"]
[EventCountry "FRA"]
[SourceTitle "CBM 106"]
[Source "ChessBase"]
[SourceDate "2005.06.06"]
[SourceVersion "1"]
[SourceVersionDate "2005.06.06"]
[SourceQuality "1"]
[WhiteTeam "Paris NAO"]
[BlackTeam "Reims"]
[WhiteTeamCountry "FRA"]
[BlackTeamCountry "FRA"]

1. e4 c5 2. Nf3 d6 3. d4 cxd4 4. Nxd4 Nf6 5. Nc3 Nc6 6. Bb5 Bd7 7. 0-0 g6 8. h3 Bg7 9. Be3 0-0 10. Qd2 a6 11. Bd3 b5 12. Nce2 Qc7 13. Nf3 Rfe8 14. Ng3 Na5 15. b3 Nb7 16. Rac1 Nc5 17. Rfe1 a5 18. a3 Qb7 19. Bxc5 dxc5 20. c4 bxc4 21. Bxc4 Bb5 22. Bxb5 Qxb5 23. Qe3 Rac8 24. Rc3 Nd7 25. e5 Nb6 26. Rd1 c4 27. bxc4 Rxc4 28. Rxc4 Nxc4 29. Qd3 Rb8 30. Nd4 Qa4 31. Rc1 Nxe5 32. Qc2 Qxd4 33. Qc7 Qb2 34. Rd1 Re8 35. Qxa5 Qb3 36. Rd8 Rxd8 37. Qxd8+ Bf8 38. Qc7 Nd3 39. Qa7 Qd1+ 40. Kh2 Qe1 41. Nh1 e6 42. a4 Bd6+ 43. Ng3 Nxf2 44. a5 Nh1 45. Qa8+ Kg7 46. Qf3 Bxg3+ 47. Qxg3 Nxg3 48. a6 Qa5 49. Kxg3 Qxa6 50. Kf4 Qc4+ 51. Kg3 e5 52. Kh2 e4 53. Kg3 Qd3+ 54. Kh2 e3 55. Kg3 e2+ 56. Kf2 Qd2 57. Kg1 e1Q+ 58. Kh2 Qf4+ 59. g3 Qfxg3# 0-1

[Event "FRA-chT4"]
[Site "Champagne Ardenne"]
[Date "2005.01.09"]
[Round "4"]
[White "Carpentier, Cedric"]
[Black "Desanlis, Anne Sophie"]
[Result "1/2-1/2"]
[WhiteElo "1790"]
[BlackElo "1842"]
[PlyCount "101"]
[EventDate "2005.01.09"]
[EventRounds "7"]
[EventCountry "FRA"]
[SourceTitle "EXT 2007"]
[Source "ChessBase"]
[SourceDate "2006.11.23"]
[SourceVersion "1"]
[SourceVersionDate "2006.11.23"]
[SourceQuality "1"]

1. e4 c5 2. Nf3 d6 3. d4 cxd4 4. Nxd4 Nf6 5. Nc3 g6 6. Bc4 Bg7 7. Bb3 Nc6 8. Nxc6 bxc6 9. 0-0 0-0 10. Re1 Qc7 11. h3 Bb7 12. Bf4 e5 13. Bg5 h6 14. Be3 Rfd8 15. Qd2 Kh7 16. f4 d5 17. exd5 Nxd5 18. Nxd5 cxd5 19. fxe5 Bxe5 20. Bd4 Re8 21. Qf2 Bxd4 22. Qxd4 Qb6 23. Qxb6 axb6 24. Rf1 Kg7 25. Rad1 Rad8 26. Rf4 f5 27. Rfd4 Re4 28. c4 Rxd4 29. Rxd4 Kf6 30. Kf2 Ke5 31. Ke3 Rd6 32. cxd5 Bxd5 33. Bxd5 Rxd5 34. Rb4 b5 35. a4 bxa4 36. Rxa4 g5 37. g3 h5 38. Rc4 Rb5 39. b4 Rd5 40. h4 g4 41. Rc5 Rxc5 42. bxc5 f4+ 43. gxf4+ Kd5 44. c6 Kxc6 45. Ke4 Kd7 46. Kd4 Ke6 47. Ke4 Kf7 48. Ke3 Kf6 49. Ke4 Ke6 50. f5+ Kd6 51. Kd4 1/2-1/2

[Event "France-ch U18 Girls"]
[Site "Reims"]
[Date "2004.04.24"]
[Round "8"]
[White "Desanlis, Anne Sophie"]
[Black "Plessis, Laura"]
[Result "1/2-1/2"]
[WhiteElo "1980"]
[BlackElo "1890"]
[PlyCount "118"]
[EventDate "2004.04.??"]
[EventType "swiss"]
[EventRounds "9"]
[EventCountry "FRA"]
[SourceTitle "EXT 2005"]
[Source "ChessBase"]
[SourceDate "2004.11.15"]
[SourceVersion "1"]
[SourceVersionDate "2004.11.15"]
[SourceQuality "1"]

1. c4 d6 2. Nc3 c6 3. b3 e5 4. Nf3 Nd7 5. g3 Ngf6 6. Bg2 Be7 7. 0-0 0-0 8. Qc2 Rb8 9. Ne1 Qc7 10. Bb2 b5 11. cxb5 cxb5 12. Nd5 Nxd5 13. Bxd5 Qxc2 14. Nxc2 Nb6 15. Bc6 a6 16. Nb4 a5 17. Nd5 Nxd5 18. Bxd5 Be6 19. Bxe6 fxe6 20. Rac1 Rbc8 21. Rxc8 Rxc8 22. Rc1 Rxc1+ 23. Bxc1 d5 24. d3 Kf7 25. Bb2 Bd6 26. e3 g5 27. g4 Ke7 28. a4 Kd7 29. Bc3 bxa4 30. bxa4 Bc7 31. Kg2 Kc6 32. f3 Kc5 33. e4 d4 34. Bd2 Bd8 35. Kf1 Kb6 36. Ke2 Be7 37. Kd1 h6 38. Kc2 Bd6 39. Kb3 Be7 40. Be1 Ka6 41. Kc4 Kb6 42. Bg3 Bf6 43. Bf2 Kc6 44. Be1 Kb6 45. Bd2 Be7 46. Bc1 Kc6 47. Kb3 Kb6 48. Bd2 Bd6 49. Be1 Be7 50. Bf2 Bf6 51. Kc4 Be7 52. Bg3 Bf6 53. h3 Kc6 54. Bh2 Kb6 55. Bg3 Kc6 56. Bf2 Kb6 57. Bg1 Kc6 58. Bf2 Kb6 59. Be1 Be7 1/2-1/2

[Event "France-ch U18 Girls"]
[Site "Reims"]
[Date "2004.04.22"]
[Round "6"]
[White "Desanlis, Anne Sophie"]
[Black "Maupin, Valerie"]
[Result "1-0"]
[WhiteElo "1980"]
[BlackElo "2035"]
[PlyCount "83"]
[EventDate "2004.04.??"]
[EventType "swiss"]
[EventRounds "9"]
[EventCountry "FRA"]
[SourceTitle "EXT 2005"]
[Source "ChessBase"]
[SourceDate "2004.11.15"]
[SourceVersion "1"]
[SourceVersionDate "2004.11.15"]
[SourceQuality "1"]

1. c4 Nf6 2. g3 e6 3. Nf3 c6 4. Bg2 d5 5. b3 Bd6 6. Bb2 0-0 7. 0-0 Nbd7 8. d3 a5 9. Qc2 Nc5 10. Nbd2 Qe7 11. e4 dxe4 12. Nxe4 Nfxe4 13. dxe4 e5 14. Nd2 Bg4 15. Rfe1 Rad8 16. h3 Bh5 17. Bc3 Bc7 18. Bf3 Bg6 19. a3 Bb6 20. Re2 Nd3 21. Kg2 Rfe8 22. Nf1 h6 23. Ne3 Qg5 24. h4 Qe7 25. Rd1 Nc5 26. Red2 f6 27. b4 axb4 28. axb4 Ne6 29. Rxd8 Rxd8 30. c5 Nxc5 31. bxc5 Bxc5 32. Rxd8+ Qxd8 33. Qb3+ Kh7 34. Qxb7 Qe8 35. Nc4 Qe6 36. Na5 Be8 37. Bd1 Bd4 38. Bb3 Qd6 39. Bb4 c5 40. Be1 Bg6 41. Qa8 Bxe4+ 42. Qxe4+ 1-0

[Event "France-ch U18 Girls"]
[Site "Reims"]
[Date "2004.04.18"]
[Round "2"]
[White "Chaumont, Adeline"]
[Black "Desanlis, Anne Sophie"]
[Result "1-0"]
[WhiteElo "2075"]
[BlackElo "1980"]
[PlyCount "99"]
[EventDate "2004.04.??"]
[EventType "swiss"]
[EventRounds "9"]
[EventCountry "FRA"]
[SourceTitle "EXT 2005"]
[Source "ChessBase"]
[SourceDate "2004.11.15"]
[SourceVersion "1"]
[SourceVersionDate "2004.11.15"]
[SourceQuality "1"]

1. d4 d5 2. c4 e6 3. Nf3 c6 4. cxd5 exd5 5. Nc3 Nf6 6. Bg5 h6 7. Bh4 Bf5 8. e3 Be7 9. Bd3 Bxd3 10. Qxd3 0-0 11. 0-0 Nbd7 12. Rab1 Ne4 13. Nxe4 Bxh4 14. Nd6 Be7 15. Nf5 Bf6 16. Rfc1 Nb6 17. Nd2 Qd7 18. b4 a6 19. Ng3 g6 20. Qc2 Nc8 21. Nb3 Nd6 22. Nd2 Rfe8 23. Ne2 Bd8 24. Nf4 Kg7 25. Nd3 Qf5 26. a4 Rc8 27. Nc5 Qxc2 28. Rxc2 Bb6 29. Rc3 a5 30. b5 cxb5 31. axb5 Rc7 32. Na4 Rxc3 33. Nxc3 Nc4 34. Nb3 Na3 35. Rc1 Rc8 36. Nxd5 Rxc1+ 37. Nxc1 Bd8 38. Nc3 Be7 39. Kf1 Bb4 40. N1a2 Nc4 41. Ke2 Bd6 42. h3 f5 43. Kd3 Na3 44. f3 Kf7 45. Nc1 Ke6 46. Nb3 b6 47. Na4 Nxb5 48. Nxb6 Bc7 49. Nc5+ Kf7 50. Nd5 1-0

[Event "FRA-ch U16 Girls"]
[Site "Le Grand Bornand"]
[Date "2003.??.??"]
[Round "4.9"]
[White "Baujard, Anne"]
[Black "Desanlis, Anne Sophie"]
[Result "0-1"]
[WhiteElo "1660"]
[BlackElo "1800"]
[PlyCount "98"]
[EventDate "2003.??.??"]
[EventType "swiss"]
[EventRounds "9"]
[EventCountry "FRA"]
[SourceTitle "EXT 2004"]
[Source "ChessBase"]
[SourceDate "2003.11.25"]
[SourceVersion "1"]
[SourceVersionDate "2003.11.25"]
[SourceQuality "1"]

1. c4 c5 2. g3 Nc6 3. Bg2 d6 4. Nc3 g6 5. Nf3 Bg7 6. 0-0 e5 7. d3 Nge7 8. Bd2 0-0 9. Qc1 a6 10. Bh6 Rb8 11. Bxg7 Kxg7 12. Rd1 b5 13. b3 b4 14. Nb1 Bb7 15. e3 Qc7 16. d4 cxd4 17. exd4 exd4 18. Nxd4 Nxd4 19. Rxd4 Bxg2 20. Kxg2 Nf5 21. Rd1 Qc6+ 22. Kg1 Rfe8 23. Qf4 Re2 24. Nd2 Ne3 25. Nf3 Nxd1 26. Rxd1 Qe4 27. Qxe4 Rxe4 28. Rxd6 Re6 29. Rd7 Re2 30. Ng5 Rf8 31. Ra7 h6 32. Nf3 Rxa2 33. Ne5 Rb2 34. Rxa6 Rxb3 35. Rb6 Rb1+ 36. Kg2 b3 37. Rb7 b2 38. Nd3 Rd8 39. Rxb2 Rd1 40. Ne5 Re8 41. Nc6 Rc1 42. Rb4 Re4 43. Na5 Re5 44. Ra4 Rc2 45. Nb3 Re4 46. Na5 Ree2 47. h4 Rxf2+ 48. Kh3 Rh2+ 49. Kg4 Rcf2 0-1

[Event "FRA-ch U16 Girls"]
[Site "Le Grand Bornand"]
[Date "2003.??.??"]
[Round "2.1"]
[White "Bolon, Karelle"]
[Black "Desanlis, Anne Sophie"]
[Result "1-0"]
[WhiteElo "2162"]
[BlackElo "1800"]
[PlyCount "93"]
[EventDate "2003.??.??"]
[EventType "swiss"]
[EventRounds "9"]
[EventCountry "FRA"]
[SourceTitle "EXT 2004"]
[Source "ChessBase"]
[SourceDate "2003.11.25"]
[SourceVersion "1"]
[SourceVersionDate "2003.11.25"]
[SourceQuality "1"]

1. e4 c5 2. Nf3 d6 3. Bb5+ Nc6 4. Bxc6+ bxc6 5. 0-0 e5 6. h3 g6 7. c3 Ba6 8. d3 Bg7 9. Re1 Ne7 10. d4 cxd4 11. cxd4 0-0 12. dxe5 dxe5 13. Qxd8 Raxd8 14. Be3 Rd7 15. Nc3 Bb5 16. Rad1 Rb7 17. Bc5 Re8 18. b4 Nc8 19. Nd2 Nb6 20. Nb3 Na4 21. Nxa4 Bxa4 22. Na5 Rc7 23. Rd3 Bb5 24. Rc3 Rd8 25. Be3 f5 26. f3 fxe4 27. fxe4 Rd3 28. Rec1 Rxc3 29. Rxc3 Kf7 30. Kf2 Ke6 31. Ke1 Bf6 32. g3 g5 33. Nb3 Be7 34. Bc5 Bf6 35. Bf8 Be7 36. Bxe7 Rxe7 37. Nc5+ Kd6 38. a4 Bxa4 39. Nxa4 Rb7 40. Rc4 Rb5 41. Kd2 a5 42. Kc3 axb4+ 43. Rxb4 Ra5 44. Kb3 Ra8 45. Rb7 Rf8 46. Kc4 Rf3 47. Nc5 1-0

[Event "FRA-ch U16 Girls"]
[Site "Le Grand Bornand"]
[Date "2003.??.??"]
[Round "7.3"]
[White "Desanlis, Anne Sophie"]
[Black "Choisy, Mathilde"]
[Result "0-1"]
[WhiteElo "1800"]
[BlackElo "2039"]
[PlyCount "46"]
[EventDate "2003.??.??"]
[EventType "swiss"]
[EventRounds "9"]
[EventCountry "FRA"]
[SourceTitle "EXT 2004"]
[Source "ChessBase"]
[SourceDate "2003.11.25"]
[SourceVersion "1"]
[SourceVersionDate "2003.11.25"]
[SourceQuality "1"]

1. c4 c5 2. Nc3 g6 3. g3 Bg7 4. Bg2 Nc6 5. a3 e6 6. e3 Nge7 7. Nge2 0-0 8. 0-0 d5 9. cxd5 exd5 10. d4 cxd4 11. Nxd4 Nxd4 12. exd4 Qb6 13. Bg5 Nc6 14. Nxd5 Qxb2 15. Be7 Nxe7 16. Nxe7+ Kh8 17. Nxc8 Raxc8 18. Bxb7 Qxb7 19. Rb1 Qd5 20. Qa4 Qxd4 21. Qxd4 Bxd4 22. Rfd1 Rfd8 23. Rb7 Bxf2+ 0-1

[Event "FRA-ch U16 Girls"]
[Site "Le Grand Bornand"]
[Date "2003.??.??"]
[Round "3.10"]
[White "Desanlis, Anne Sophie"]
[Black "Kuchly, Audrey"]
[Result "1-0"]
[WhiteElo "1800"]
[BlackElo "1580"]
[PlyCount "115"]
[EventDate "2003.??.??"]
[EventType "swiss"]
[EventRounds "9"]
[EventCountry "FRA"]
[SourceTitle "EXT 2004"]
[Source "ChessBase"]
[SourceDate "2003.11.25"]
[SourceVersion "1"]
[SourceVersionDate "2003.11.25"]
[SourceQuality "1"]

1. c4 e5 2. g3 Nf6 3. Bg2 Nc6 4. Nc3 Be7 5. d3 0-0 6. e4 d6 7. Nge2 Bd7 8. 0-0 Re8 9. b3 Bf8 10. f4 Bg4 11. h3 Bxe2 12. Qxe2 Nd4 13. Qf2 c6 14. Be3 c5 15. fxe5 dxe5 16. Nd5 Nxd5 17. exd5 f6 18. Bxd4 exd4 19. Be4 Bd6 20. Kg2 Qd7 21. Rae1 Bc7 22. Qf5 Qxf5 23. Bxf5 Ba5 24. Rxe8+ Rxe8 25. Be6+ Kf8 26. a3 a6 27. Rb1 Re7 28. b4 Bb6 29. Kf2 a5 30. bxc5 Bxc5 31. a4 Bb4 32. Rb2 g6 33. Re2 b6 34. Kf3 Bd6 35. g4 h6 36. Re4 Be5 37. Re2 Bd6 38. Ke4 Bc5 39. h4 Kg7 40. h5 g5 41. Kf5 Re8 42. Re1 Re7 43. Re4 Re8 44. Bd7 Rxe4 45. Kxe4 Kf8 46. Be6 Kg7 47. d6 Bxd6 48. Kxd4 Kf8 49. Kd5 Ke7 50. d4 Bc7 51. Bf5 Bd8 52. Kc6 Ke8 53. d5 Ke7 54. d6+ Ke8 55. Bg6+ Kf8 56. Kd7 f5 57. Kxd8 fxg4 58. Be4 1-0